<?xml version="1.0" encoding="UTF-8"?><record xmlns="http://www.loc.gov/MARC21/slim" xmlns:zs="http://docs.oasis-open.org/ns/search-ws/sruResponse">
  <leader>01660cz  a2200325n  4500</leader>
  <controlfield tag="001">no2005017014</controlfield>
  <controlfield tag="003">DLC</controlfield>
  <controlfield tag="005">20170319053810.0</controlfield>
  <controlfield tag="008">050223n| azannaabn          |b aaa     c</controlfield>
  <datafield ind1=" " ind2=" " tag="010">
    <subfield code="a">no2005017014</subfield>
  </datafield>
  <datafield ind1=" " ind2=" " tag="035">
    <subfield code="a">(OCoLC)oca06567321</subfield>
  </datafield>
  <datafield ind1=" " ind2=" " tag="040">
    <subfield code="a">SaPrUSA</subfield>
    <subfield code="b">eng</subfield>
    <subfield code="e">rda</subfield>
    <subfield code="c">SaPrUSA</subfield>
    <subfield code="d">MWalB</subfield>
  </datafield>
  <datafield ind1=" " ind2=" " tag="046">
    <subfield code="f">1825-11-07</subfield>
    <subfield code="g">1909-02-20</subfield>
    <subfield code="2">edtf</subfield>
  </datafield>
  <datafield ind1="1" ind2=" " tag="100">
    <subfield code="a">Barfus, E. von</subfield>
    <subfield code="q">(Eginhard),</subfield>
    <subfield code="d">1825-1909</subfield>
  </datafield>
  <datafield ind1=" " ind2=" " tag="370">
    <subfield code="a">Trzebiatów (Gryfice, Poland)</subfield>
    <subfield code="b">Munich (Germany)</subfield>
    <subfield code="c">Germany</subfield>
    <subfield code="2">naf</subfield>
  </datafield>
  <datafield ind1=" " ind2=" " tag="372">
    <subfield code="a">Writing</subfield>
    <subfield code="a">Children's books</subfield>
    <subfield code="2">lcsh</subfield>
  </datafield>
  <datafield ind1=" " ind2=" " tag="374">
    <subfield code="a">Authors</subfield>
    <subfield code="2">lcsh</subfield>
  </datafield>
  <datafield ind1=" " ind2=" " tag="375">
    <subfield code="a">Males</subfield>
    <subfield code="2">lcdgt</subfield>
  </datafield>
  <datafield ind1=" " ind2=" " tag="377">
    <subfield code="a">ger</subfield>
  </datafield>
  <datafield ind1=" " ind2=" " tag="378">
    <subfield code="q">Eginhard</subfield>
  </datafield>
  <datafield ind1="1" ind2=" " tag="400">
    <subfield code="a">Barfus, ʻE.</subfield>
  </datafield>
  <datafield ind1="1" ind2=" " tag="400">
    <subfield code="a">Barfus, Eginhard von,</subfield>
    <subfield code="d">1825-1909</subfield>
  </datafield>
  <datafield ind1="1" ind2=" " tag="400">
    <subfield code="a">Barfus, Karl Richard Eginhard von,</subfield>
    <subfield code="d">1825-1909</subfield>
  </datafield>
  <datafield ind1="1" ind2=" " tag="400">
    <subfield code="a">Barfuss, E. von</subfield>
    <subfield code="q">(Eginhard),</subfield>
    <subfield code="d">1825-1909</subfield>
  </datafield>
  <datafield ind1="1" ind2=" " tag="400">
    <subfield code="a">ברפוס, ע.</subfield>
  </datafield>
  <datafield ind1=" " ind2=" " tag="667">
    <subfield code="a">Non-Latin script reference not evaluated.</subfield>
  </datafield>
  <datafield ind1=" " ind2=" " tag="670">
    <subfield code="a">Der Buren Freiheitskampf, 190-:</subfield>
    <subfield code="b">t.p. (E. von Barfuss)</subfield>
  </datafield>
  <datafield ind1=" " ind2=" " tag="670">
    <subfield code="a">NUC pre-56</subfield>
    <subfield code="b">(hdg.: Barfus, Eginhard, 1825-1909; usage: E. von Barfus)</subfield>
  </datafield>
  <datafield ind1=" " ind2=" " tag="670">
    <subfield code="a">Be-erets ha-yahalomim, 684, 1924:</subfield>
    <subfield code="b">title page (ʻE. Barfus = ע. ברפוס [voc.])</subfield>
  </datafield>
  <datafield ind1=" " ind2=" " tag="670">
    <subfield code="a">Wikidata via Wikipedia, December 13, 2016</subfield>
    <subfield code="b">(sex or gender: male; VIAF identifier: 68657322; GND identifier: 116056606; place of birth: Trzebiatów; place of death: Munich; country of citizenship: Germany; instance of: human; date of birth: +1825-11-07T00:00:00Z; date of death: +1909-02-20T00:00:00Z; occupation: writer, children's writer; languages spoken or published: German; National Library of Greece ID (P3348): 125586; alias: Karl Richard Eginhard von Barfus)</subfield>
    <subfield code="u">http://www.wikidata.org/entity/Q95675</subfield>
  </datafield>
</record>
